Sports Quiz

Random Sports or MLB Quiz
Score 0/167 Timer 10:00
3 Plays Today
HRs Player % Correct
54Babe Ruth
99%
59Babe Ruth
99%
35Babe Ruth
99%
41Babe Ruth
99%
46Babe Ruth
99%
25Babe Ruth
99%
47Babe Ruth
99%
60Babe Ruth
99%
54Babe Ruth
99%
46Babe Ruth
99%
49Babe Ruth
99%
46Babe Ruth
99%
41Babe Ruth
99%
34Babe Ruth
99%
27Aaron Judge
96.1%
27Mickey Mantle
95.7%
37Mickey Mantle
95.7%
52Mickey Mantle
95.7%
34Mickey Mantle
95.7%
42Mickey Mantle
95.7%
31Mickey Mantle
95.7%
40Mickey Mantle
95.7%
54Mickey Mantle
95.7%
30Mickey Mantle
95.7%
35Mickey Mantle
95.7%
27Aaron Judge
95.6%
36Alex Rodriguez
95.6%
48Alex Rodriguez
95.6%
35Alex Rodriguez
95.6%
54Alex Rodriguez
95.6%
35Alex Rodriguez
95.6%
30Alex Rodriguez
95.6%
30Alex Rodriguez
95.6%
33Alex Rodriguez
95.6%
52Aaron Judge
95.2%
61Roger Maris
92.9%
39Roger Maris
92.9%
33Roger Maris
92.9%
26Roger Maris
92.9%
47Lou Gehrig
92%
27Lou Gehrig
92%
35Lou Gehrig
92%
41Lou Gehrig
92%
46Lou Gehrig
92%
34Lou Gehrig
92%
32Lou Gehrig
92%
49Lou Gehrig
92%
30Lou Gehrig
92%
49Lou Gehrig
92%
37Lou Gehrig
92%
29Lou Gehrig
92%
29Joe DiMaggio
88.5%
46Joe DiMaggio
88.5%
32Joe DiMaggio
88.5%
30Joe DiMaggio
88.5%
31Joe DiMaggio
88.5%
HRs Player % Correct
30Joe DiMaggio
88.5%
25 Joe DiMaggio
88.5%
39Joe DiMaggio
88.5%
32Joe DiMaggio
88.5%
32Reggie Jackson
85.1%
27Reggie Jackson
85.1%
29Reggie Jackson
85.1%
41Reggie Jackson
85.1%
38Giancarlo Stanton
83%
28Yogi Berra
82.8%
27Yogi Berra
82.8%
30Yogi Berra
82.8%
27Yogi Berra
82.8%
27Yogi Berra
82.8%
30Yogi Berra
82.8%
29Bernie Williams
82.5%
25Bernie Williams
82.5%
26Bernie Williams
82.5%
30Bernie Williams
82.5%
26Bernie Williams
82.5%
28Jorge Posada
78.2%
30Jorge Posada
78.2%
35Don Mattingly
77.5%
31Don Mattingly
77.5%
30Don Mattingly
77.5%
41Jason Giambi
77.4%
41Jason Giambi
77.4%
32Jason Giambi
77.4%
37Jason Giambi
77.4%
32Jason GIambi
77.4%
34Gary Sanchez
75.8%
39Mark Teixeira
74.4%
33Mark Teixeira
74.4%
39Mark Teixeira
74.4%
31Mark Teixeira
74.4%
25Tino Martinez
73.6%
44Tino Martinez
73.6%
28Tino Martinez
73.6%
28Tino Martinez
73.6%
34Tino Martinez
73.6%
25Robinson Cano
71.1%
29Robinson Cano
71.1%
28Robinson Cano
71.1%
33Robinson Cano
71.1%
27Robinson Cano
71.1%
38Gleyber Torres
66.8%
33Gary Sanchez
65.4%
28Brett Gardner
62.8%
37Dave Winfield
62.6%
26Dave Winfield
62.6%
27Dave Winfield
62.6%
25Dave Winfield
62.6%
39Alfonso Soriano
62.5%
38Alfonso Soriano
62.5%
32Davie Winfield
62.2%
41Curtis Granderson
61.3%
HRs Player % Correct
43Curtis Granderson
61.3%
32Graig Nettles
59.3%
37Graig Nettles
59.3%
27Graig Nettles
59.3%
36Gary Sheffield
57.7%
34Gary Sheffield
57.7%
31Hideki Matsui
56%
25Hideki Matsui
56%
28Hideki Matsui
56%
27Didi Gregorius
51.3%
28Elston Howard
47%
25Didi Gregorius
45.6%
29Bill Dickey
42.1%
27Bill Dickey
42.1%
28Rickey Henderson
41.6%
27Miguel Andujar
41.3%
27Aaron Hicks
41.3%
26DJ LeMahieu
39.5%
29Nick Swisher
38.2%
29Nick Swisher
38.2%
26Bobby Murcer
36.8%
25Bobby Murcer
36.8%
33Bobby Murcer
36.8%
25Danny Tartabull
32.9%
31Danny Tartabull
32.9%
26Bill 'Moose' Skowron
30.4%
28Bill 'Moose' Skowron
30.4%
26Brian McCann
29.6%
27Joe Pepitone
29.4%
28Joe Pepitone
29.4%
31Joe Pepitone
29.4%
27Joe Pepitone
29.4%
25Joe Gordon
27%
28Joe Gordon
27%
30Joe Gordon
27%
32Bobby Bonds
25.8%
33Bob Meusel
25.2%
25Jesse Barfield
24.8%
25Johnny Mize
24.8%
27Don Baylor
23.1%
28Mike Pagliarulo
22.7%
32Mike Pagliarulo
22.7%
27Jack Clark
22.4%
26Hank Bauer
21%
25Tom Tresh
20.4%
26Tom Tresh
20.4%
27Tom Tresh
20.4%
33Charlie Keller
20.2%
26Charlie Keller
20.2%
31Charlie Keller
20.2%
30Charlie Keller
20.2%
26Mike Stanley
19.9%
27Robin Ventura
19.4%
31Tommy Henrich
17.5%
25Tommy Henrich
17.5%
Remove Ads.
Support Sporcle.
Get the best of Sporcle when you Go Orange. This ad-free experience offers more features, more stats, and more fun while also helping to support Sporcle. Thank you for becoming a member.

You're not logged in!

Compare scores with friends on all Sporcle quizzes.
OR
Log In

Sporcle TV

Today on Sporcle TV


Watch our educational content, quiz creation guides, and fun videos on Sporcle TV.

Show Comments

Extras

Top Quizzes Today


Score Distribution

Paid Content

Your Account Isn't Verified!

In order to create a playlist on Sporcle, you need to verify the email address you used during registration. Go to your Sporcle Settings to finish the process.

Report this User

Report this user for behavior that violates our Community Guidelines.

Details: